000 00513nam a2200181Ia 4500
005 20250923144407.0
008 008 250917s9999 xx 000 0 eng d
037 _aTextual
040 _aDSWL
_beng
_cDSWL
041 _aeng
_2eng
084 _aL7:4"691, H0
_qDSWL
100 _aWitmer, Helen Leland
_9824431
245 0 _aPsychiatric clinics for children
_cby Helen Leland Witmer
260 _c1940
300 _a437 p.
942 _cTEXL
_hL7:4"691, H0
999 _c1438298
_d1438298